| 000 | 00739nam a2200241 a 4500 | ||
|---|---|---|---|
| 001 | BRCA_4580 | ||
| 005 | 20190320204725.0 | ||
| 008 | 030820s2002 sp-#######---#000-0#spa-# | ||
| 020 | _a8488333668 | ||
| 041 | _aspa | ||
| 044 | _asp | ||
| 050 | 4 |
_aPQ6425 _b.B35 2002 |
|
| 245 | 1 | 0 |
_aBaldo _b(Sevilla, Dominico de Robertis, 1542) _cedición de Folke Gernert. |
| 260 |
_aAlcalá de Henares [España] _bCentro de Estudios Cervantinos _c2002. |
||
| 300 |
_axxv, 389 p. _c24 cm. |
||
| 440 | 0 |
_aLos libros de Rocinante _v13 _911581 |
|
| 500 | _aIncluye índice de capítulos | ||
| 504 | _aBibliografía: p. xxiv-xxv | ||
| 650 | 1 | 4 |
_aLiteratura _zEspaña _911582 |
| 700 | 1 |
_aGernert, Folke _eEditor _911583 |
|
| 902 | _aCERV | ||
| 942 |
_2lcc _cB |
||
| 999 |
_c4285 _d4285 |
||